Statistics for Countries that are not signatories of the CITES convention

Click here to take the quiz!

General Stats

  • This quiz has been taken 16 times
  • The average score is 9 of 14

Answer Stats

Countries% Correct
North Korea
82%
Micronesia
73%
Marshall Islands
73%
Tonga
73%
Vatican City
73%
Andorra
64%
Kiribati
64%
Nauru
64%
Tuvalu
64%
East Timor
55%
Faroe Islands
55%
Haiti
45%
South Sudan
45%
Turkmenistan
45%

Score Distribution

Percentile by Number Answered

Percent of People with Each Score

Your Score History

You have not taken this quiz